000 00975cam a2200301 i 4500
001 11852945
003 EG-ScBUE
005 20250601093522.0
008 991201t1998 enka f e 000 0 eng d
020 _a0540075744
020 _a9780540075744
040 _aEG-ScBUE
_beng
_erda
_cEG-ScBUE
_dEG-ScBUE
082 0 4 _a503
_bPHI
_222
245 0 0 _aPhilip's science & technology encyclopedia /
_ceditor Steve Luck.
246 3 _aPhilip's science and technology encyclopedia
246 3 0 _aScience & technology encyclopedia
264 1 _aLondon :
_bGeorge Philip Limited,
_c[1998]
264 4 _cc1998
300 _a471 pages :
_billustrations ;
_c22 cm
336 _2rdacontent
_atext
_btxt
337 _aunmediated
_2rdamedia
_bn
338 _avolume
_bnc
_2rdacarrier
650 7 _aScience
_vEncyclopedias.
_93444
_2BUEsh
650 7 _aTechnology
_vEncyclopedias.
_93445
_2BUEsh
655 _vReading book
700 1 _aLuck, Steve,
_93446
_eeditor.
942 _2ddc
_cREFERENCE
999 _c11242
_d11242